LEADER 00874nam a2200229 i 4500 001 000000144876 003 CaOOAMICUS 005 20080303000000.0 008 080303s1937 it u000 u fre u 013 $a120248 040 $aSeMil$bita 100 1 $aTardivel, Fernande.$0(OLS)http://semarc/name/34142 245 10$aJ. H. Newman éducateur /$cpar Fernande Tardivel. 260 $aParis :$bBeauchesne,$c1937. 300 $a236 p. ;$c26 cm. 500 $aContiene : Index bibliographique. 650 4$aNewman, John Henry <1801-1890> - Pensiero pedagogico.$0(OLS)http://semarc/subject/28363 850 $aSeMil 852 $aSeMil$W1$xVenegono$y1$m2R V 86 =$j97706$B97706$CSeMilBibl$Z2$F105571 $81 961 $aOmaggio: Altro 996 $6245$aJ. H. Newman éducateur$9(OLS)http://semarc/title/211853 996 $6260$aParis :$bBeauchesne$9(OLS)http://semarc/publisher/29638